000 01324nam a22003977a 4500
003 OSt
005 20230524122933.0
008 221006b |||||||| |||| 00| 0 eng d
040 _cBiblioteca Lado V
082 _a700
_bA786l
110 _9830
_aARTEDER
_eEditor
245 _aLAPIZ/
_bRevista Mensual de Arte/
260 _bFeria internacional de Bilbao
_c2001
_aEspaƱa
300 _c22x29cm
_a108p.
366 _espa
490 _a174
_vXX
505 _aSantiago B. Olmo
505 _aCarlos Jiminez
505 _aJorge Lopez Anaya
505 _aAdolfo Montejo Navas
505 _aCarlos Vidal
505 _aAdriano Mixinge
505 _aActualidad
505 _aCronicas de exposiciones
505 _aPublicaciones
650 _2Tesauro de Arte & Arquitectura
_aARTE
_9703
650 _2Tesauro de Arte & Arquitectura
_aARQUITECTURA
650 _2Tesauro de Arte & Arquitectura
_aFOTOGRAFIA
_9702
650 _2Tesauro de Arte & Arquitectura
_aENTREVISTAS
650 _2Tesauro de Arte & Arquitectura
_aARQUEOLOGIA
650 _2Tesauro de Arte & Arquitectura
_aREPORTAJES
650 _2Tesauro de Arte & Arquitectura
_aLIBROS
650 _2Tesauro de Arte & Arquitectura
_aNOTICIAS
651 _2Tesauro de Arte & Arquitectura
_aSUBASTAS
942 _2ddc
_c1
_h700
_iA786l
_n0
999 _c3706
_d3706